000
00300nam a2200145Ia 4500
005
20260513122052.0
020
_a
9783031649073
100
_a
Papadopoulos
365
_c
€
365
_b
28.00
942
_c
BK
245
_a
Linear Algebra for Physics
260
_b
Springer
999
_c
66
_d
66